000 00342nam a22001457a 4500
008 210602b ||||| |||| 00| 0 eng d
020 _a9780536201638
041 _aeng
080 _a510
082 _a510
100 _a38
101 _aMAT
245 _aCollege Algebra with Modeling and Visualization
_cGary Rocksworld
942 _2udc
_cBK
999 _c57915
_d57915